| 000 | 00943cam a2200253 a 4500 | ||
|---|---|---|---|
| 020 | _a007230491X (alk. paper) | ||
| 082 | 0 | 0 |
_a620.105 _bBEE |
| 245 | 0 | 0 |
_aVector mechanics for engineers. _cFerdinand P. Beer ... [et al.]. |
| 250 | _a7th ed. | ||
| 260 |
_aBoston : _bMcGraw-Hill Higher Education, _cc2004. |
||
| 300 |
_axxxi, 1326 p. : _bill. (some col.) ; _c26 cm. |
||
| 500 | _aIncludes index. | ||
| 500 | _aRev. ed. of: Vector mechanics for engineers / Ferdinand P. Beer. 6th ed. c1997. | ||
| 526 |
_a0 _b0 _c0 _d620_105000000000000_BEE |
||
| 650 | 0 |
_aDynamics. _97202 |
|
| 650 | 0 |
_aMechanics, Applied. _913090 |
|
| 650 | 0 |
_aStatics. _91020 |
|
| 650 | 0 |
_aVector analysis. _91184 |
|
| 700 | 1 |
_aBeer, Ferdinand P. _91378 |
|
| 700 | 1 |
_aBeer, Ferdinand P. _91378 |
|
| 856 | 4 | 1 | _uhttp://www.loc.gov/catdir/enhancements/fy0702/2003044560-t.html |
| 856 | 4 | 2 | _uhttp://www.loc.gov/catdir/enhancements/fy0702/2003044560-d.html |
| 942 |
_2ddc _cBK |
||
| 999 |
_c554155 _d554155 |
||